And Quiet Flows the Don. A Novel in four Books : t . III /
שמור ב:
| מחבר ראשי: | |
|---|---|
| פורמט: | Sách giấy |
| שפה: | English |
| יצא לאור: |
Maxcơva :
Tiến bộ ,
1978
|
| תגים: |
הוספת תג
אין תגיות, היה/י הראשונ/ה לתייג את הרשומה!
|
| Thư viện lưu trữ: | Thư viện Trường Đại học Đà Lạt |
|---|
| LEADER | 00612nam a2200253 4500 | ||
|---|---|---|---|
| 001 | DLU020015793 | ||
| 005 | ##10/17/2000 | ||
| 020 | # | # | |a 978- |
| 041 | # | # | |a eng |
| 082 | # | # | |a 891.73 |b SH-M |
| 090 | # | # | |a 891.73 |b SH-M |
| 100 | # | # | |a Sholokhov, Mikhail |
| 245 | # | # | |a And Quiet Flows the Don. A Novel in four Books : |b t . III / |c Sholokhov Mikhail |
| 260 | # | # | |a Maxcơva : |b Tiến bộ , |c 1978 |
| 300 | # | # | |a 398 tr.; |c 21 cm. |
| 992 | # | # | |a 4623 |
| 994 | # | # | |a DLU |
| 900 | # | # | |a False |
| 911 | # | # | |a Administrator |
| 925 | # | # | |a G |
| 926 | # | # | |a A |
| 927 | # | # | |a SH |
| 980 | # | # | |a Thư viện Trường Đại học Đà Lạt |